<A> Model of business strategy, empirical testing in knitwear strategy

Salvato in:
Dettagli Bibliografici
Autore principale: Lahti, Arto
Natura: Libro
Lingua:inglese
Pubblicazione: Helsinky School of economics 1981
Serie:<The> Helsinki School of economics publications series D-55
Tags: Aggiungi Tag
Nessun Tag, puoi essere il primo ad aggiungerne!!

MARC

LEADER 00000nam a2200000 4500
001 c126528
005 20181203150418.2
041 0 |a eng 
044 |a FI 
245 1 0 |a <A> Model of business strategy, empirical testing in knitwear strategy  |c Arto Lahti 
264 1 |a Helsinky  |b School of economics  |c 1981 
300 |a 25 s. 
490 1 |a <The> Helsinki School of economics publications  |v series D-55 
830 0 |a <The> Helsinki School of economics publications  |v series D-55 
100 1 |a Lahti, Arto